000 00309nam a22001457a 4500
008 250709b ||||| |||| 00| 0 eng d
020 _a9789951660747
041 _aSHQIP
080 _22018
_a001
082 _a001
100 _a1
101 _aGJUHE SHQIPE
245 _aFABULA
_cEZOPI
942 _2udc
_cBK
999 _c60727
_d60727